000 00879cab a2200265 4500
001 W9015
008 090401t1994 xxu||||| |||| 00| 0 eng d
035 _a(Sirsi) u2024
041 _aeng
245 _aRestraint of trade
260 _c1994
350 _a0
490 _aProperty Week
_v49(5) 3 November 1994, 7(1)
520 _aA surveyor is planning legal action against the RICS for restraint of trade following his expulsion for failing to have PII, when directors of John D Wood were granted a waiver for the same offence.
650 _aJOHN D WOOD
650 _aJOHN ELSTONE
650 _aPROFESSIONAL INDEMNITY INSURANCE
650 _aPROFESSIONAL INDEMNITY INSURANCE
650 _aRESTRAINT OF TRADE
650 _aRICS
690 _aINSURANCE
_96249
690 _aMANAGEMENT-BUSINESS MANAGEMENT-PROFESSIONAL PRACTICE
942 _n0
948 _c04/03/1997
999 _c1202
_d1202